Folleto de teoría musical y biografías de músicos celebres / (Record no. 36233)
[ view plain ]
| 000 -CABECERA | |
|---|---|
| campo de control de longitud fija | 00466nam a2200145 a 4500 |
| 001 - NÚMERO DE CONTROL | |
| campo de control | 000036742 |
| 005 - FECHA Y HORA DE LA ÚLTIMA TRANSACCIÓN | |
| campo de control | 20200930075917.0 |
| 008 - DATOS DE LONGITUD FIJA--INFORMACIÓN GENERAL | |
| campo de control de longitud fija | 120127s19uu xx 000 0 spa d |
| 040 ## - FUENTE DE LA CATALOGACIÓN | |
| Centro catalogador/agencia de origen | DO-SdBNP |
| Lengua de catalogación | spa |
| Centro/agencia transcriptor | BNPHU |
| 100 1# - ENTRADA PRINCIPAL--NOMBRE DE PERSONA | |
| Nombre de persona | Andújar Carvajal, Carmen Delia |
| 9 (RLIN) | 63066 |
| 245 10 - MENCIÓN DE TÍTULO | |
| Título | Folleto de teoría musical y biografías de músicos celebres / |
| Mención de responsabilidad, etc. | Carmen Delia Andújar Carvajal. |
| 250 ## - MENCIÓN DE EDICIÓN | |
| Mención de edición | 3a ed. |
| 260 ## - PUBLICACIÓN, DISTRIBUCIÓN, ETC. | |
| Lugar de publicación, distribución, etc. | [s. n., |
| Fecha de publicación, distribución, etc. | s.n. ]. |
| 300 ## - DESCRIPCIÓN FÍSICA | |
| Extensión | 49 p. : |
| Otras características físicas | il., mús. ; |
| Dimensiones | 22 cm. |
| Estado de retiro | Estado de pérdida | Restricciones de uso | No para préstamo | Código de colección | Localización permanente | Ubicación/localización actual | Ubicación en estantería | Fecha de adquisición | Número de inventario | Total de préstamos | Signatura topográfica completa | Código de barras | Fecha visto por última vez | Precio válido a partir de | Tipo de ítem Koha |
|---|---|---|---|---|---|---|---|---|---|---|---|---|---|---|---|
| Excluido de préstamo | Monografías: Libros y Folletos | General | General | En catalogación | 27.01.2012 | LF1 | 36742-10 | 25.06.2020 | 25.06.2020 | No se presta |
